Niemieckie zespoły muzyczne - Nagła śmierć - Statystyki

Ogólne statystyki
  • Ten quiz został rozwiązany 77 razy
  • Średni wynik to 6 z 16
Answers on the Grid
Answers color-coded by a green-red scale on the quiz's grid according to % correct below.
Lou Bega
Scorpions
a-ha
Falco
System of a Down
Alphaville
Kate Bush
Kraftwerk
Meat Loaf
Milli Vanilli
Boney M.
ABBA
Dead or Alive
Modern Talking
Bee Gees
Haddaway
Dschinghis Khan
Nine Inch Nails
Mr. President
Snap!
Ottawan
Accept
New Order
Lou Reed
Rammstein
Chris de Burgh
Nena
Tears For Fears
Danzig
Blind Guardian
Daft Punk
Enigma
 
Statystyki odpowiedzi
Odpowiedź % Poprawnych
Scorpions
81%
Rammstein
70%
Modern Talking
67%
Kraftwerk
56%
Boney M.
49%
Nena
40%
Alphaville
35%
Milli Vanilli
33%
Lou Bega
28%
Dschinghis Khan
26%
Mr. President
26%
Enigma
19%
Haddaway
16%
Snap!
12%
Accept
9%
Blind Guardian
7%
Nie znaleziono quizów pasujących do podanych kryteriów
Rozkład punktacji
Procent ludzi z każdym wynikiem
Percentyl według liczby udzielonych odpowiedzi
Twoja historia wyników
Nie rozwiązałeś tego quizu